Ода Пушкину (Запись № 13654380)
[ простой вид ]
| 000 -МАРКЕР | |
|---|---|
| контрольное поле | 02596nam0a2200433 4500 |
| 001 - ИДЕНТИФИКАТОР ЗАПИСИ | |
| контрольное поле | RU\NLR\BIBL_A\022763387 |
| 005 - ИДЕНТИФИКАТОР ВЕРСИИ | |
| контрольное поле | 20260412095250.0 |
| 010 ## - МЕЖДУНАРОДНЫЙ СТАНДАРТНЫЙ НОМЕР КНИГИ (ISBN) | |
| Номер (ISBN) | 978-5-6045322-0-1 |
| Тираж | 1000 |
| 035 ## - ДРУГИЕ СИСТЕМНЫЕ НОМЕРА | |
| Идентификатор записи | (NLR Aleph) 022763387 |
| 100 ## - ДАННЫЕ ОБЩЕЙ ОБРАБОТКИ | |
| Данные общей обработки | 20260323d2020 u y0rusy50 ca |
| 101 0# - ЯЗЫК РЕСУРСА | |
| Язык текста, звукозаписи и т.д. | русский |
| 102 ## - СТРАНА ПУБЛИКАЦИИ ИЛИ ПРОИЗВОДСТВА | |
| Страна публикации | Российская Федерация |
| 105 ## - ПОЛЕ КОДИРОВАННЫХ ДАННЫХ: ТЕКСТОВЫЕ МАТЕРИАЛЫ, МОНОГРАФИЧЕСКИЕ | |
| Кодированные данные о монографическом текстовом документе | ac z 000zy |
| 181 #0 - ПОЛЕ КОДИРОВАННЫХ ДАННЫХ: ВИД СОДЕРЖАНИЯ | |
| Код вида содержания (ISBD) | i3 |
| Код характеристики содержания (ISBD) | axxe |
| 181 #0 - ПОЛЕ КОДИРОВАННЫХ ДАННЫХ: ВИД СОДЕРЖАНИЯ | |
| Код вида содержания (ISBD) | b2 |
| Код характеристики содержания (ISBD) | xb2e |
| 182 #0 - ПОЛЕ КОДИРОВАННЫХ ДАННЫХ: ТИП СРЕДСТВА | |
| Код типа средства (ISBD) | n - непосредственное |
| 200 1# - ЗАГЛАВИЕ И СВЕДЕНИЯ ОБ ОТВЕТСТВЕННОСТИ | |
| Основное заглавие | Ода Пушкину |
| Сведения, относящиеся к заглавию | сборник поэзии и прозы |
| Первые сведения об ответственности | Пушкинское общество г. Самары, Фонд социального развития "Надежда" |
| 203 ## - ВИД СОДЕРЖАНИЯ И ТИП СРЕДСТВА | |
| Вид содержания | Текст |
| -- | Изображение |
| Дополнительные сведения об издании | визуальные |
| Тип средства | непосредственные |
| 210 ## - ПУБЛИКАЦИЯ, РАСПРОСТРАНЕНИЕ И ДР. | |
| Место издания, распространения и т.д. | Самара |
| Имя издателя, распространителя и т. д. | Фонд социального развития "Надежда" |
| Дата издания, распространения и т.д. | 2020 |
| 215 ## - ФИЗИЧЕСКАЯ ХАРАКТЕРИСТИКА | |
| Специфическое обозначение материала и объем | 273, [6] с. |
| Другие сведения о физической характеристике | ил., цв. ил., портр. |
| Размеры | 21 |
| 225 1# - СЕРИЯ | |
| Основное заглавие серии | Серия "Надежда - Вера - Любовь" |
| Обозначение тома | кн. 15 |
| 300 ## - ОБЩИЕ ПРИМЕЧАНИЯ | |
| Текст примечания | Посвящается памяти Смирновой Надежды Ивановны (27.02.1951-24.09.2003 г.г.), 15-летию Международного творческого проекта "Надежда - Вера - Любовь", 150-летию пребывания Ильи Ефимовича Репина в Самарской Луке - 1870-2020 г.г., гению Александра Сергеевича Пушкина |
| 327 1# - ПРИМЕЧАНИЯ О СОДЕРЖАНИИ | |
| Текст примечания | Содерж.: разделы: Мой Пушкин; Поэты России; Поэты Зарубежья; Самарский край; Голоса молодых; Доклады и статьи |
| 600 #1 - ИМЯ ЛИЦА КАК ПРЕДМЕТ | |
| Начальный элемент ввода | Пушкин |
| Часть имени, кроме начального элемента ввода | А. С. |
| Даты | 1799 - 1837 |
| Расширение инициалов личного имени | Александр Сергеевич |
| Тематический подзаголовок | в художественной литературе |
| Системный номер авторитетной/нормативной записи | 2021852 |
| Идентификатор авторитетной/нормативной записи | RU\NLR\AUTH\66930551 |
| 686 0# - ИНДЕКСЫ ДРУГИХ КЛАССИФИКАЦИЙ | |
| Индекс | Ш9(2)8 |
| 686 2# - ИНДЕКСЫ ДРУГИХ КЛАССИФИКАЦИЙ | |
| Индекс | Ш5(2=Р)51-4Пушкин765 |
| 686 2# - ИНДЕКСЫ ДРУГИХ КЛАССИФИКАЦИЙ | |
| Индекс | Ш6(2=Р)8-94 |
| 702 #1 - ИМЯ ЛИЦА - ВТОРИЧНАЯ ОТВЕТСТВЕННОСТЬ | |
| Код отношения | Объект посвящения |
| Графика поля | Кириллица |
| Материалы, к которым относится поле | rus |
| Начальный элемент ввода | Пушкин |
| Часть имени, кроме начального элемента ввода | А. С. |
| Дополнения к именам, кроме дат | поэт |
| Даты | 1799-1837 |
| Расширение инициалов личного имени | Александр Сергеевич |
| Системный номер авторитетной/нормативной записи | 110441 |
| Идентификатор авторитетной/нормативной записи | RU\NLR\AUTH\77386 |
| 702 #1 - ИМЯ ЛИЦА - ВТОРИЧНАЯ ОТВЕТСТВЕННОСТЬ | |
| Код отношения | Объект посвящения |
| Графика поля | Кириллица |
| Материалы, к которым относится поле | rus |
| Начальный элемент ввода | Репин |
| Часть имени, кроме начального элемента ввода | И. Е. |
| Дополнения к именам, кроме дат | художник |
| Даты | 1844-1930 |
| Расширение инициалов личного имени | Илья Ефимович |
| Системный номер авторитетной/нормативной записи | 136 |
| Идентификатор авторитетной/нормативной записи | RU\NLR\AUTH\7717044 |
| 712 02 - НАИМЕНОВАНИЕ ОРГАНИЗАЦИИ - ВТОРИЧНАЯ ОТВЕТСТВЕННОСТЬ | |
| Код отношения | Прочие |
| Начальный элемент ввода | Российское Пушкинское общество |
| Структурное подразделение | Самарское отделение |
| Системный номер авторитетной/нормативной записи | 671971 |
| Идентификатор авторитетной/нормативной записи | RU\NLR\AUTH\880506018 |
| 942 ## - ДОПОЛНИТЕЛЬНЫЕ ЭЛЕМЕНТЫ ЗАПИСИ (АБИС) | |
| Тип экземпляра АБИС | Книга |
| 980 ## - КОЛЛЕКЦИЯ | |
| Название коллекции | Национальная библиография |
Нет доступных экземпляров.